Talking of speaking: selected papers

Saved in:
Bibliographic Details
Main Author: MacCarthy, Peter Arthur Desmond
Format: Book
Language:English
Published: London, Oxford University Press, 1972.
Series:Language and language learning
Subjects:
LEADER 01146nam a2200325 a 4500
001 c000319294
003 CARM
005 20000929200653.0
008 740129s1972 enk 000 0 eng
010 |a 74152971 //r85 
015 |a GB73-01239 
019 1 |a 314713  |z 23860286  |5 LACONCORD2021 
020 |a 0194371190 
020 |a 0194370542 (pbk.) 
035 |a (OCoLC)811408  |5 LACONCORD2021 
040 |a LC  |b eng  |c LC  |d XNTU 
050 0 0 |a PE1128  |b .M26 
050 4 |a PE1128  |b .M3 1972 
082 0 4 |a 421/.5/07 
082 0 4 |a 421/5/07 
100 1 |a MacCarthy, Peter Arthur Desmond. 
245 1 0 |a Talking of speaking: selected papers  |c [by] Peter MacCarthy. 
260 |a London,  |b Oxford University Press,  |c 1972. 
300 |a [7], 118 p.  |c 23 cm. 
490 0 |a Language and language learning 
650 0 |a English language  |x Study and teaching  |x Foreign speakers. 
650 0 |a English language  |x Phonetics. 
852 8 |b CARM  |h A1:AN12G0  |i B08582  |p 0411903  |f BK 
999 f f |i e4faa709-dd38-5b45-9461-547d43cde749  |s c9b2e6f1-0612-5dd3-b982-c7ebac37ac9e 
952 f f |p Can circulate  |a CAVAL  |b CAVAL  |c CAVAL  |d CARM 1 Store  |e B08582  |f A1:AN12G0  |h Other scheme  |i book  |m 0411903